[Event "Canadian op"]
[Site "Edmonton"]
[Date "2009.07.14"]
[Round "4"]
[White "Hansen, Eric"]
[Black "Mikhalevski, Victor"]
[Result "0-1"]
[WhiteElo "2423"]
[BlackElo "2631"]
[Annotator "Shabalov,A"]
[PlyCount "112"]
[EventDate "2009.07.11"]
[EventType "swiss"]
[EventRounds "9"]
[EventCountry "CAN"]
[SourceTitle "CBM 132 Extra"]
[Source "ChessBase"]
[SourceDate "2009.11.03"]
[SourceVersion "1"]
[SourceVersionDate "2009.11.03"]
[SourceQuality "1"]

1. e4 e5 2. Nf3 Nc6 3. Bb5 a6 4. Ba4 Nf6 5. O-O Be7 6. d3 b5 7. Bb3 d6 8. c3
O-O 9. Re1 Bb7 10. Nbd2 Na5 11. Bc2 c5 12. Nf1 Re8 13. Ng3 g6 14. Bg5 {Too
timid.} Nd7 15. Bh6 Bf6 16. Qd2 Nf8 17. b4 cxb4 18. cxb4 Nc6 19. Bb3 Ne6 20.
Bd5 Nc7 21. Bxc6 Bxc6 22. d4 Rc8 23. Rac1 Na8 24. d5 Bd7 25. Bg5 $6 {Eric
usually doesn't show that much respect for GMs.This exchange leads for a
slightly better ending for black, which Victor skilfully converts into the
point. Any middlegame continuation would be better.} (25. Rxc8 $14) 25... Bxg5
26. Qxg5 Qxg5 27. Nxg5 Nb6 28. Nf3 Nc4 29. Rc3 f5 30. Rec1 Rf8 31. a4 fxe4 32.
Nxe4 Bf5 33. Ng3 Bg4 34. Ng5 Nb6 35. Rxc8 $6 {It was hard to see from that
faraway that white was needed to throw in f3 (move 43!), which he could have
done right now,holding the balance.} (35. f3) 35... Rxc8 36. Rxc8+ Bxc8 37.
axb5 axb5 38. N3e4 Nxd5 39. Nxd6 Bd7 40. Nf3 Kf8 $1 $17 {Excellent judgement
from Victor.Despite the fact that white will temporarily have an extra pawn,
the endgame is hardly defendable for him.} 41. Nxe5 Ke7 42. Ne4 Bf5 43. f3 Bxe4
44. fxe4 Nxb4 45. Kf2 Kd6 46. Nf3 Nc6 47. Ke3 Kc5 48. Kd3 h6 49. Nh4 $2 {
The endgame must be winning for black,but not in 7 moves.} (49. h3) 49... Ne5+
50. Kc3 b4+ 51. Kb3 Kd4 52. Kxb4 Kxe4 53. g3 g5 54. Ng2 Nd3+ 55. Kc3 Kf3 56.
Kxd3 Kxg2 0-1

[Event "New York op"]
[Site "New York"]
[Date "2000.05.11"]
[Round "9"]
[White "Smirin, Ilia"]
[Black "Grischuk, Alexander"]
[Result "1-0"]
[WhiteElo "2666"]
[BlackElo "2581"]
[Annotator "Smirin,I"]
[PlyCount "89"]
[EventDate "2000.05.05"]
[EventType "swiss"]
[EventRounds "9"]
[EventCountry "USA"]
[SourceTitle "CBM 076 Extra"]
[Source "ChessBase"]
[SourceDate "2000.07.11"]
[SourceVersion "1"]
[SourceVersionDate "2000.07.11"]
[SourceQuality "1"]

{Oratovsky,M} 1. e4 e5 2. Nf3 Nc6 3. Bb5 a6 4. Ba4 Nf6 5. O-O Be7 6. Re1 b5 7.
Bb3 d6 8. c3 O-O 9. d3 Na5 10. Bc2 c5 11. Nbd2 Nc6 12. Nf1 Re8 13. h3 h6 14.
Ng3 Bf8 15. d4 ({Nothing promises} 15. Nh2 Be6 16. f4 exf4 17. Bxf4 d5 $11 18.
e5 Nd7 19. Nf3 d4 20. Qe2 Bd5 $15 {Mokry,K-Pribyl,M/CZE-ch 1996 (40)}) 15...
cxd4 16. cxd4 exd4 17. Nxd4 Nxd4 18. Qxd4 Be6 (18... Bb7 19. Bf4 Rc8 20. Bb3 d5
21. exd5 Bc5 22. Rxe8+ Qxe8 23. Qd3 Rd8 24. Qc3 Nxd5 $6 25. Qxc5 Nxf4 26. Qc7
$18 {[%cal Gc7b7,Gc7f4] Liang Jinrong-Xie Jun/TCN Cup 3rd 1997 1-0 (37)}) (
18... Qc7 19. Bb3 d5 20. Bd2 (20. Bxd5 Nxd5 (20... Bc5 21. Bf4 $14) 21. Qxd5
Bb7 {[%cal Gf8d6,Gd6c5]} 22. Bf4 Qxf4 23. Qxb7 Bc5 $44) 20... Bc5 21. Qc3 Qb6
22. Qf3 dxe4 23. Nxe4 Rxe4 24. Rxe4 Bb7 $17 {Abramovic,B-Mikhalchishin,A/
Lvov-Belgrade 1993 0-1 (37)}) 19. Be3 $1 $146 {Here white bishop placed better
than on f4,where it disturbes move f2-f4.} Rc8 20. Qd2 Nd7 21. Rac1 ({Deserved
attention immediatly} 21. f4 $1 Qh4 $6 22. Bf2 (22. Kh2 Nf6 23. Bd1 Bg4 $132)
22... Rxc2 23. Qxc2 Qxf4 24. Nf5 Qg5 (24... d5 $2 {[%tqu "En","","","","f5g7",
"",10]} 25. Nxg7 $1 Kxg7 26. exd5 Bf5 27. Qc3+ Re5 28. Rxe5 Nxe5 29. Bg3 $18)
25. Qc6 $16 {and black has not enough compensation for sacrificed exchange})
21... Ne5 {[%cal Ge5c4,Ge6h3]} (21... Bxa2 22. b3 Nc5 23. Qb4 Bxb3 24. Bxb3 Nd3
25. Bxf7+ $18) 22. b3 Nc6 ({Losing} 22... Bxh3 $2 23. f4 Qh4 24. Nf1 $18) 23.
Bb1 (23. f4 d5 $132) (23. Red1 Qa5 $5) 23... d5 ({Better for white endgame
arisig after} 23... Qa5 24. Qxa5 Nxa5 25. Rcd1 $1 $16 {[%csl Ra5]}) 24. exd5
Qxd5 ({Losing by forse} 24... Bxd5 25. Red1 Nb4 26. Rxc8 Qxc8 27. a3 Bxb3 28.
Rc1 Nc6 29. Qd3 Bxa3 30. Qh7+ Kf8 31. Nf5 $1 $18 {[%cal Gh7g7,Gh7h8]}) 25. Qc2
g6 26. Rcd1 Ne7 ({Very interesting complications arises after tricky} 26... Qe5
$5 27. Bxh6 Bxb3 $1 28. Qxb3 (28. Rxe5 Bxc2 29. Rxe8 Rxe8 30. Bxc2 Bxh6 $15)
28... Qxe1+ 29. Rxe1 Rxe1+ 30. Kh2 Na5 $8 (30... Bxh6 31. Bxg6 $16) 31. Qd5
Rxb1 32. Bxf8 Rxf8 33. Ne4 $14 {and very strong piese combination-Q+N
guarantees white better chanses.}) 27. Qb2 Bg7 $8 (27... Qc6 $2 28. Ne4 Nd5 29.
Rxd5 $18 {[%cal Ge4f6]}) 28. Bd4 Bxd4 29. Rxd4 Qc5 (29... Qc6 30. Ne4 (30. Rh4
$6 Nd5 31. Rxh6 Qc3 $132) 30... Bd5 31. Qd2 $1 {[%csl Rh6]} Kg7 (31... Bxe4 32.
Bxe4 Qc3 33. Bb7 $18) 32. b4 $1 $16 {[%cal Ge4c5] with clear positional
advantage}) 30. Rdd1 (30. Ne4 Qe5 31. f4 Qg7 $13) 30... Red8 31. Ne4 Rxd1 32.
Rxd1 Qc7 {[#]} 33. h4 $1 h5 $6 $138 (33... Bf5 $2 34. Nf6+ Kf8 35. Bxf5 Nxf5
36. Nd5 $18) (33... Rd8 34. Rc1 Qb6 (34... Qf4 $2 35. g3 Qf3 36. Nf6+ Kf8 37.
Be4 $1 Rd1+ 38. Kh2) 35. h5 Qd4 36. Qa3 $16) (33... Nd5 $142 $1 34. Nf6+ (34.
Rxd5 $2 Bxd5 35. Nf6+ Kf8 36. Nxd5 Qc1+) (34. h5 Qf4 $13) 34... Nxf6 35. Qxf6
$14 {[%cal Gb1g6,Gh4h5]}) 34. Ng5 $16 {now whites pressure becomes stronge
move by move} Bf5 (34... Rd8 $142 35. Re1 Bf5 36. Qf6 Nd5 37. Qxa6 $16) 35. Qf6
Nd5 36. Qxa6 (36. Rxd5 $4 Qc1+ 37. Kh2 Qf4+ $19) 36... Bxb1 37. Rxb1 Rd8 38.
Re1 Qc3 39. Nf3 b4 40. Rd1 $18 {last point in the mutual timetrouble} Qc5 41.
Qc4 Qd6 42. Qd4 $1 Rd7 43. Ne5 Rd8 (43... Re7 44. Nc4 Qd8 45. Ne3 $18) 44. Nc4
Qf8 45. Nb6 1-0

[Event "GER-ch 70th"]
[Site "Bremen"]
[Date "1998.11.11"]
[Round "6"]
[White "Luther, Thomas"]
[Black "Enders, Peter"]
[Result "1/2-1/2"]
[WhiteElo "2560"]
[BlackElo "2485"]
[Annotator "Tischbierek,R"]
[PlyCount "53"]
[EventDate "1998.11.06"]
[EventType "swiss"]
[EventRounds "9"]
[EventCountry "GER"]
[SourceTitle "CBM 068"]
[Source "ChessBase"]
[SourceDate "1999.02.01"]
[SourceVersion "1"]
[SourceVersionDate "1999.02.01"]
[SourceQuality "1"]

1. e4 e5 2. Nf3 Nc6 3. Bb5 a6 4. Ba4 Nf6 5. O-O Be7 6. Re1 b5 7. Bb3 d6 8. a3
Bg4 9. c3 O-O 10. d3 Na5 $146 ({RR} 10... d5 11. h3 dxe4 12. hxg4 exf3 13. g5
Nd7 14. Bd5 Na5 15. Bxa8 Qxa8 16. b4 Nb7 17. Qxf3 Qc8 18. Bf4 Re8 19. Be3 Nd6
20. Nd2 Nf8 21. Ne4 Ne6 22. Qg3 Nxe4 23. dxe4 Bd6 24. Qg4 Qb7 25. a4 {Rubery,
M-Kobese,A/Gauteng 1998/CBM 64 ext/1/2-1/2 (38)}) 11. Ba2 c5 12. Nbd2 Rc8 13.
h3 Be6 14. Bxe6 fxe6 15. b4 Nc6 16. Qb3 Qd7 17. Bb2 Nh5 18. bxc5 Na5 19. Qa2
Rxc5 20. a4 Nf4 21. d4 exd4 22. cxd4 Rh5 23. axb5 Qxb5 24. Bc3 Qe8 25. Nf1
Nxh3+ $1 26. gxh3 Qg6+ 27. Ng3 (27. Ng3 Rxf3 28. Bxa5 Rxh3 $1 (28... Rxa5 29.
Qxa5 Rxg3+ 30. fxg3 Qxg3+ $11) 29. Qe2 (29. Rab1 Rhxg3+ 30. fxg3 Rxg3+ 31. Kh2
Qg4 32. Rb8+ (32. Qxe6+ Qxe6 33. Kxg3 Qg6+ $19) 32... Bf8 33. Rxf8+ Kxf8 34.
Qf2+ Rf3 $19) 29... Rhxg3+ 30. fxg3 Rxg3+ 31. Kh2 Qg5 $19) 1/2-1/2

[Event "Tilburg Fontys"]
[Site "Tilburg"]
[Date "1998.10.25"]
[Round "3"]
[White "Topalov, Veselin"]
[Black "Svidler, Peter"]
[Result "1-0"]
[WhiteElo "2700"]
[BlackElo "2710"]
[Annotator "Wedberg,T"]
[PlyCount "93"]
[EventDate "1998.10.23"]
[EventType "tourn"]
[EventRounds "11"]
[EventCountry "NED"]
[EventCategory "18"]
[SourceTitle "EXT 1999"]
[Source "ChessBase"]
[SourceDate "1998.11.16"]
[SourceVersion "1"]
[SourceVersionDate "1998.11.16"]
[SourceQuality "1"]

1. e4 e5 2. Nf3 Nc6 3. Bb5 a6 4. Ba4 Nf6 5. O-O Be7 6. Re1 b5 7. Bb3 O-O 8. d3
d6 9. c3 Na5 10. Bc2 c5 11. Nbd2 Re8 12. Nf1 h6 13. d4 cxd4 14. cxd4 exd4 15.
Nxd4 Bf8 16. b3 Bb7 (16... Nb7 17. Ng3 Nc5 18. Ndf5 Bb7 19. f3 Ncd7 20. Bf4 Ne5
21. Qd2 Rc8 22. Rad1 Qc7 23. Bb1 d5 $132 {1/2-1/2 Cabrilo,G-Pavlovic,M/
Vrnjacka Banja 1988/EXT 97 (29)}) (16... g6 17. Bb2 Bg7 18. Qd2 Bd7 19. Rad1
Rc8 20. f3 $14 {1-0 Emms,J-Hebden,M/London 1993/TD (65)}) 17. Ng3 Nc6 (17...
Rc8 18. Bb2 g6 19. Qd2 h5 20. Nf3 Nc6 21. Rad1 Ne5 22. Nxe5 dxe5 23. Qxd8 {
1/2-1/2 Hazai,L-Pavlovic,M/Copenhagen 1987/EXT 97 (23)}) 18. Bb2 Nxd4 19. Bxd4
(19. Qxd4 $5) 19... Rc8 20. Bd3 d5 $5 21. e5 Ne4 22. Qg4 (22. Nxe4 dxe4 23.
Bxe4 Bxe4 24. Rxe4 Qd5 25. Qd3 (25. Qe2 $2 f5 26. Rf4 g5 $19) (25. Re2 Red8 26.
Rd2 Qe4 $44) 25... Bc5 26. Rd1 Bxd4 27. Qxd4 Qxd4 28. Rexd4 Rxe5 $11) 22... Qg5
23. Qxg5 Nxg5 24. Rad1 Ne6 $14 {White has the better P-formation, but Black
has a nice blockading square on e6. At this moment the pressure is on Black to
get some activity before White consolidates by placing a piece on d4.} 25. Bb2
g6 26. Ne2 Bb4 27. Rf1 d4 $5 28. Bb1 (28. Nxd4 $2 Nf4 $36) (28. f4 Bc3 29. Bc1
Nc7 $13) 28... Bc3 29. Bc1 b4 $6 (29... Kh7 30. f4 $40) (29... Kg7 $142 30. f4
b4 31. f5 Nc5 32. fxg6 (32. Nf4 $5) 32... fxg6 33. Nf4 Ne4 $13) 30. Bxh6 a5 31.
Bd3 Nc5 32. Bc4 Rcd8 33. Bg5 Rd7 34. Bf6 $16 Bc6 35. f3 d3 36. Nxc3 $1 bxc3 37.
e6 Nxe6 38. Bxc3 Nf4 39. Bd2 Ne2+ 40. Kf2 Nd4 41. Be3 $6 (41. Rfe1 $18) 41...
Nc2 42. Bc1 Re2+ 43. Kg1 Nd4 44. a4 d2 45. Bb2 Ree7 46. Kf2 Nc2 47. Bf6 {
Resigning a bit too early. Black can still put up a fight.} (47. Bf6 Re8 48.
Bg5 Na3 $1 49. Be2 (49. Rxd2 Nxc4 50. bxc4 Bxa4 51. Ra1 Rxd2+ 52. Bxd2 Bb3 $14)
49... Rb7 50. Rxd2 (50. Bxd2 Rxb3 51. Bxa5 Bxa4 $16) 50... Rxb3 51. Bf6 Bxa4
52. Ra1 $16) 1-0

[Event "Rostov on Don"]
[Site "Rostov on Don"]
[Date "1993.??.??"]
[Round "?"]
[White "Smirin, Ilia"]
[Black "Razuvaev, Yuri S"]
[Result "1/2-1/2"]
[WhiteElo "2590"]
[BlackElo "2525"]
[Annotator "Wedberg,T"]
[PlyCount "49"]
[EventDate "1993.05.??"]
[EventType "tourn"]
[EventRounds "11"]
[EventCountry "RUS"]
[EventCategory "14"]
[SourceTitle "CBM 036"]
[Source "ChessBase"]
[SourceDate "1993.10.01"]
[SourceVersion "1"]
[SourceVersionDate "1993.10.01"]
[SourceQuality "1"]

1. e4 e5 2. Nf3 Nc6 3. Bb5 a6 4. Ba4 Nf6 5. O-O Be7 6. Re1 b5 7. Bb3 O-O 8. d3
d6 9. c3 h6 10. Nbd2 Re8 11. Nf1 Bf8 12. Ne3 Bb7 (12... Na5 13. Bc2 c5 14. a3
Nc6 15. b4 Be6 16. d4 {+/= Krogius-Kostro, Varna 1969}) 13. a3 Ne7 14. Nh4 Bc8
15. d4 c5 (15... Nxe4 16. Qf3 $36) 16. dxe5 dxe5 17. Qf3 c4 18. Bc2 Qc7 19. h3
Be6 20. Ng4 Nxg4 21. hxg4 Ng6 22. Nf5 Be7 $10 23. g3 Bg5 24. Kg2 f6 25. Be3
1/2-1/2

[Event "Rishon Le Ziyyon"]
[Site "Rishon Le Ziyyon"]
[Date "1996.??.??"]
[Round "5"]
[White "Kosashvili, Yona"]
[Black "Liss, Eran"]
[Result "1-0"]
[WhiteElo "2580"]
[BlackElo "2480"]
[Annotator "Wedberg,T"]
[PlyCount "93"]
[EventDate "1996.02.??"]
[EventType "tourn"]
[EventRounds "9"]
[EventCountry "ISR"]
[EventCategory "13"]
[SourceTitle "CBM 053"]
[Source "ChessBase"]
[SourceDate "1996.08.01"]
[SourceVersion "1"]
[SourceVersionDate "1996.08.01"]
[SourceQuality "1"]

1. e4 e5 2. Nf3 Nc6 3. Bb5 a6 4. Ba4 Nf6 5. O-O Be7 6. Re1 b5 7. Bb3 d6 8. c3
O-O 9. a4 b4 10. a5 bxc3 (10... Rb8 11. Bc4 (11. d3 Be6 12. Bxe6 fxe6 13. Nbd2
Nd7 14. Nc4 d5 $1 $17 {1-0 Saltaev,M-Smagin,S/Moscow Petrosian (01) ;CBM 46
1995 (23)}) 11... Nd7 (11... h6 12. h3 Re8 13. d4 Bf8 14. d5 bxc3 15. Nxc3 Nb4
16. Be3 Nd7 17. Na4 Nc5 18. Nxc5 dxc5 19. Nd2 $14 {1/2-1/2 Pavlovic,M-Smagin,S/
Cacak (09) 1991 (29)}) (11... bxc3 12. dxc3 (12. Nxc3 Bg4 13. h3 Bxf3 14. Qxf3
Nd4 15. Qd1 c6 $10 {1/2-1/2 Tal,M-Smyslov,V/Moskva 2/273 1966 (20)}) 12... Na7
(12... Bb7 13. Nbd2 Qc8 14. Nf1 Nd8 15. Ng3 Re8 16. Qa4 Ne6 17. Qa2 c6 18. Bb3
Bf8 19. Be3 $14 {1/2-1/2 Spraggett,K-Nunn,J/Wijk aan Zee 39/420 1985 (41)}) 13.
Nbd2 (13. Bf1 Nb5 14. Nbd2 Nd7 15. Qc2 Nc5 16. b4 Ne6 17. Nc4 g6 18. Bh6 Ng7
19. Rad1 Qe8 20. Ne3 f5 21. exf5 gxf5 22. Nd5 $16 {1-0 Gipslis,A-Nikitin,A/
USSR 9/236 1970 (33)}) 13... Nb5 (13... Bb7 14. Qc2 Nb5 15. Nf1 Bc6 16. Ng3 Bd7
17. h3 Qc8 18. Bd3 Be6 19. Be3 c5 $5 {An interesting idea. Rather than going
for c6 and d5, Karpov gains space with c5.} 20. Nd2 Qc6 21. Nc4 Nd7 22. Rad1
Kh8 23. Qe2 Rfe8 $13 {0-1 Nunn,J-Karpov,An/Amsterdam 40/426 1985 (39)}) 14. Qc2
h6 15. b4 Nh5 16. Nf1 Nf6 17. Ne3 c6 18. Bb2 Ng4 19. Nf1 Qc7 20. Rad1 c5 21.
Qb3 Bd7 22. h3 Nf6 23. Nh4 Bc6 24. Ng6 $14 {Ulibin,M-Sturua,Z/Moscow olm (10)
RUS-2 GEO ;EXP 44 1994/1/2-1/2 (62)}) (11... Na7 12. d4 exd4 13. cxd4 c6 14.
Bd3 Qc7 15. Bf4 Nb5 16. h3 Qa7 17. Be3 c5 18. d5 Nd7 19. Nbd2 Bf6 20. Nc4 $14 {
0-1 Horvath,J - Petran,P/H CH 1986 (33)}) (11... Bb7 12. d3 (12. d4 bxc3 (12...
exd4 13. cxd4 d5 14. exd5 Nxd5 15. Nbd2 Qd6 16. Nb3 Nd8 17. Nc5 Ne6 18. Nxb7
Rxb7 19. Qb3 Rd8 20. Be3 Bf6 21. Rec1 h6 22. Rc2 $14 {0-1 Milov,L-Frolov,A/
Alushta (04) 1992 (34)}) 13. Nxc3 Nxd4 14. Nxd4 exd4 15. Qxd4 Nd7 16. Nd5 Bf6
17. Nxf6+ Qxf6 18. Qxf6 Nxf6 19. f3 $16 {1-0 Zapata,A-Bass,L/Zamora 49/405
1990 (26)}) 12... bxc3 (12... h6 13. Nbd2 Nh7 14. d4 bxc3 15. bxc3 Bf6 16. d5
Ne7 17. Bf1 Ng5 18. Nc4 Nxe4 19. Rxe4 Nxd5 20. Re1 Nxc3 21. Qc2 Nb5 22. Bb2 $14
{1-0 Mestel,J-Rubinetti,J/Luzern 40/425 1985 (36)}) 13. bxc3 Na7 14. Nbd2 Nb5
15. Qc2 c6 16. Bb2 Qc7 17. Bb3 c5 $2 {><d5} 18. Nc4 Bc8 $6 19. Nb6 Bb7 20. Nd2
Kh8 21. Nf1 Ng8 22. Ne3 $16 {Ulibin,M-Varavin,V/RUS-ch Elista (05) ;CBM 44
1994/1-0 (64)}) (11... d5 $5 12. exd5 Nxd5 13. Nxe5 Nxe5 14. Rxe5 Bb7 15. d4
Bf6 16. Re1 c5 $132 {1/2-1/2 Ivanov,A-Klovan,Y/Kostroma 40/424 1985 (25)}) 12.
Qe2 bxc3 13. dxc3 Ra8 14. Nbd2 Ncb8 15. b4 Nf6 16. Nf1 Be6 17. Ng3 Qd7 18. Bd3
Ne8 19. h3 g6 20. Bh6 Ng7 21. Rad1 $16 {Short,N-Ullrich,F/BL 8586
Solingen-Sindelfingen [4] 1985/1-0 (51)}) 11. dxc3 Nb8 (11... Be6 12. Nbd2 Bxb3
13. Qxb3 Qd7 14. Nc4 Nd8 15. Bg5 Ne6 16. Bxf6 Bxf6 17. Ne3 g6 18. Nd5 Bg7 19.
Rad1 Kh8 20. Qc2 f5 $132 {0-1 Tal,M-Jansa,V/Sarajevo 1/203 1966 (41)}) 12. Nbd2
Bb7 (12... Nbd7 13. Nf1 Nc5 14. Bc2 Re8 15. Ng3 g6 16. h3 Ne6 17. Be3 Bf8 18.
Qd2 Bg7 19. b4 Bb7 20. Ng5 Qd7 21. Nxe6 Qxe6 22. Rab1 h5 $13 {Nunn,J-Ivanchuk,
V/Monaco rapid (05) ;EXP 46 1995/0-1 (49)}) 13. Bc2 Nbd7 14. Nf1 Re8 15. Ng3
Bf8 16. c4 g6 17. h3 Bg7 18. Be3 Qe7 19. Qd2 Rad8 20. b4 c6 21. Bg5 Qf8 22. Ba4
$36 h6 23. Bxf6 $6 (23. Be3 d5 24. cxd5 cxd5 25. exd5 e4 26. Nd4 Nxd5 27. Rab1
$14) 23... Bxf6 24. b5 Rc8 25. Red1 Be7 26. bxc6 Bxc6 27. Rdb1 Bxa4 28. Rxa4
Nc5 29. Ra3 Rb8 30. Rd1 Rec8 $15 31. h4 h5 32. Ng5 Bxg5 $6 (32... Nb3 $1 33.
Qe3 (33. Qd3 $2 d5 $1 $19) 33... Nd4 $17) 33. Qxg5 Ne6 34. Qd2 Nd4 35. Rc3 Qd8
36. Ne2 Nxe2+ 37. Qxe2 Qxa5 38. Rg3 $1 $132 Kg7 $2 (38... Qd8 39. Qxh5 Rxc4 40.
Rxg6+ fxg6 41. Qxg6+ Kf8 42. Qh6+ Ke7 43. Qg7+ Ke6 44. Qg6+ Ke7 45. Qg7+ $10) (
38... Qb4 39. Qxh5 Rxc4 40. Rxg6+ fxg6 41. Qxg6+ Kf8 42. Qf6+ Kg8 43. Qg6+ $10)
39. Qxh5 $40 Rh8 (39... Rxc4 40. Rxd6 Qe1+ 41. Kh2 Qxe4 42. Rgxg6+ $1 fxg6 43.
Rd7+ Kf6 44. Qg5+ Ke6 45. Qe7+ Kf5 46. Qf7+ Kg4 47. f3+ {+-}) 40. Qg4 (40. Qg5
Qd8 $10) 40... Qc5 41. Qg5 Qxc4 42. Rxd6 Qxe4 43. Qf6+ Kg8 44. Rgd3 $1 Rf8 45.
Rd8 Kh7 46. h5 g5 (46... gxh5 47. Rg3 Rhg8 48. Rxf8 Rxg3 49. Rh8#) 47. R3d6 1-0

[Event "RUS-ch"]
[Site "Elista"]
[Date "1996.??.??"]
[Round "7"]
[White "Ulybin, Mikhail"]
[Black "Goldin, Alexander"]
[Result "1/2-1/2"]
[WhiteElo "2550"]
[BlackElo "2570"]
[Annotator "Wedberg,T"]
[PlyCount "65"]
[EventDate "1996.10.15"]
[EventType "swiss"]
[EventRounds "11"]
[EventCountry "RUS"]
[SourceTitle "CBM 056"]
[Source "ChessBase"]
[SourceDate "1997.02.01"]
[SourceVersion "1"]
[SourceVersionDate "1997.02.01"]
[SourceQuality "1"]

1. e4 e5 2. Nf3 Nc6 3. Bb5 a6 4. Ba4 Nf6 5. O-O Be7 6. Re1 b5 7. Bb3 d6 8. c3
O-O 9. a4 b4 10. a5 Rb8 11. Bc4 d5 $5 {Yet another Marshall clone. Its very
popular right now to throw in d5 against lines where White tries to avoid the
proper Marshall variation. Its like saying: "Hey, you can´t stop me". In this
instance theres a big difference though, because Black started modestly with P
to d6. The justification for the gambit is that White has made three non
developing moves a4, a5 and Bc4, while Black has lost one tempi and made two
quite useful attacking moves on the Q-side: Rb8 and b4. All in comparison to
the well known Marshall gambit (C89).} (11... Bb7 12. d3 (12. Qe2 Ra8 13. d4
exd4 14. cxd4 d5 15. exd5 Nxd5 16. Nbd2 Nf4 17. Qe4 Bd6 $36 {Varga,Z-Vajda,L/
Budapest FS06 GM 1996/1/2-1/2 (48)}) 12... d5 (12... bxc3 13. bxc3 Na7 14. Nbd2
Nb5 15. Qc2 c6 16. Bb2 Qc7 17. Bb3 c5 18. Nc4 Bc8 19. Nb6 $16 {1-0 Ulibin,
M-Varavin,V/RUS-ch Elista 1994 (63)}) 13. exd5 Nxd5 14. Qb3 bxc3 15. bxc3 Nf4
16. Bxf4 exf4 17. Qd1 Na7 18. d4 c5 $132 {1-0 Gipslis,A-Zakharov,A/URS-ch31
Leningrad 1963 (39)}) (11... bxc3 12. dxc3 Na7 13. Nbd2 Nb5 14. Qc2 h6 15. b4
Nh5 16. Nf1 Nf6 17. Ne3 $14 {1/2-1/2 Ulibin,M-Sturua,Z/Moscow olm 1994 (61)}) (
11... Bg4 12. h3 Bh5 13. g4 Bg6 14. d3 d5 {1/2-1/2 Sion Castro,M-Gomez,M/
Elgoibar 1995}) 12. exd5 Nxd5 13. Nxe5 Nxe5 14. Rxe5 Bb7 15. d4 Bf6 16. Re1 c5
{As opposed to the Marshall variation, Black is seeking his compensation for
the P on the Q-side.} 17. dxc5 bxc3 18. bxc3 Qc7 $146 {Keeping the Q:s on the
board increases Blacks attacking chances.} (18... Nxc3 19. Qxd8 Rfxd8 20. Bb2
Ne2+ 21. Bxe2 Bxb2 22. Ra4 Bc6 23. Rc4 Bb5 24. Re4 Bc6 (24... f5 $15 {Nunn/
Harding}) 25. Rc4 Bb5 {0,5-0,5/A.Ivanov-Klovan/Kostroma/1985}) 19. Bxd5 Rbd8
20. Bf4 $5 {White has had enough and is seeking refuge in an equal ending.} (
20. Bxf7+ Rxf7 21. Qh5 Qc6 $44) 20... Qxf4 21. Qf3 Rfe8 (21... Qxf3 22. Bxf3
Bxf3 23. gxf3 Rc8 24. Ra4 Rxc5 25. c4 Rfc8 26. Re4 $13) 22. Na3 Qd2 23. Red1
Bxd5 24. Rxd2 Bxf3 25. Rxd8 Rxd8 26. gxf3 Bxc3 27. Rb1 Bxa5 28. Nc4 Bc7 29. Rb7
Rc8 30. Kg2 Bf4 31. Nd6 Ra8 32. Nc4 (32. Nxf7 $2 a5 $17) 32... Rc8 33. Nd6
1/2-1/2

[Event "Dortmund SuperGM 26th"]
[Site "Dortmund"]
[Date "1998.06.28"]
[Round "3"]
[White "Adams, Michael"]
[Black "Almasi, Zoltan"]
[Result "1-0"]
[WhiteElo "2670"]
[BlackElo "2630"]
[Annotator "Wedberg,T"]
[PlyCount "85"]
[EventDate "1998.06.26"]
[EventType "tourn"]
[EventRounds "9"]
[EventCountry "GER"]
[EventCategory "18"]
[SourceTitle "CBM 066"]
[Source "ChessBase"]
[SourceDate "1998.09.30"]
[SourceVersion "1"]
[SourceVersionDate "1998.09.30"]
[SourceQuality "1"]

{A nice game by Michael Adams. Black slowly drifts into a hopeless ending.} 1.
e4 e5 2. Nf3 Nc6 3. Bb5 a6 4. Ba4 Nf6 5. O-O Be7 6. Re1 b5 7. Bb3 d6 8. c3 O-O
9. d3 Re8 10. Nbd2 Bf8 11. Nf1 h6 12. a4 Bd7 13. Ne3 $146 (13. axb5 axb5 14.
Rxa8 Qxa8 15. Ng3 Na5 16. Bc2 c5 $10 {1/2-1/2 Polgar,J-Piket,J/Dos Hermanas
1995/CBM 47/[Hansen,LB] (42)}) 13... Na5 14. Bc2 b4 (14... c5 {is normal.}) 15.
Bd2 (15. cxb4 Nc6 16. Bd2 Qb8 (16... Rb8 17. b5 axb5 18. a5 b4 19. Bb3 $14) 17.
b5 axb5 18. a5 b4 (18... Ra6 19. b4 $14) 19. Nc4 Ra6 20. Ba4 Qb7 $13) 15...
bxc3 (15... Qb8 $5 16. Nd5 Nxd5 17. exd5 c5 18. cxb4 (18. dxc6 Nxc6 $13) 18...
cxb4 19. Re4 Qb7 20. Bxb4 Qxd5 $13) 16. Bxc3 $1 Nc6 17. Bb3 $14 {White's minor
pieces are active.} Be6 18. Bxe6 Rxe6 (18... fxe6 19. Nc4 Rb8 20. d4 exd4 21.
Nxd4 Nxd4 22. Qxd4 e5 23. Qd3 $14) 19. Nd5 $1 Re8 20. d4 exd4 21. Nxd4 Nxd5 $6
(21... Nxd4 22. Qxd4 Nxd5 23. exd5 $14) 22. Nxc6 Nxc3 23. bxc3 Qg5 24. Qd5 Qxd5
$6 (24... Be7 $142) 25. exd5 $16 {[%csl Ra6,Rb8,Gc4,Gc6,Rc7,Gd5][%cal Yb1b7,
Ya1b1,Ye1c1,Yc3c4]} g6 26. Rab1 Bg7 27. c4 Bc3 28. Rec1 Bf6 29. Kf1 Re4 30. g3
Bg5 31. Rc2 Rae8 32. Nb8 a5 33. Nc6 Kg7 34. Nxa5 Ra8 35. Rb5 Bf6 36. Ra2 $1 Bc3
37. Nc6 Rxc4 38. a5 Ra6 39. Rc2 $18 Rcxc6 40. dxc6 Rxa5 41. Rb7 Ra1+ 42. Kg2
Ba5 43. Ra7 1-0